| 000 | 00635nam a2200169 4500 | ||
|---|---|---|---|
| 999 |
_c17332 _d17332 |
||
| 008 | 220924b ||||| |||| 00| 0 eng d | ||
| 020 | _a9781284195057 | ||
| 082 |
_22022 _aDC 363.34 _bW151 |
||
| 100 |
_aWalker, Beverley E., _946129 |
||
| 245 |
_aCommunity risk reduction : _bprinciples and practice / _cBeverley E. Walker. |
||
| 260 |
_aBurlington : _bJones & Bartlett Learning, _c©2022. |
||
| 300 |
_avii, 236 pages : _bcolor illustrations ; _c27 cm. |
||
| 500 | _aIncludes bibliographical references, appendices, glossary and index. | ||
| 650 |
_aDisaster relief. _946130 |
||
| 650 |
_aSafety education. _946131 |
||
| 942 |
_2ddc _cDC |
||